000
00320nam a22001457a 4500
008
221005b ||||| |||| 00| 0 eng d
020
_a
9780558659363
041
_a
eng
080
_2
THIRD EDITION
_a
573
082
_a
573 BEL
100
_a
16.1
101
_a
BIO
245
_a
HUMAN BIOLOGY
_c
BELK C
942
_2
udc
_c
BK
999
_c
58361
_d
58361